Central Library OPAC University of Rajshahi

Elizabethan taste / (Record no. 76642)

MARC details
000 -LEADER
fixed length control field 01005cam a22003131a 4500
001 - CONTROL NUMBER
control field 76642
003 - CONTROL NUMBER IDENTIFIER
rucl marc code BD-RjUL
005 - DATE AND TIME OF LATEST TRANSACTION
control field 20211209082852.0
008 - FIXED-LENGTH DATA ELEMENTS--GENERAL INFORMATION
fixed length control field 191229s1963 enk 000 0 eng
035 ## - SYSTEM CONTROL NUMBER
System control number (BD-RjUL)76866
System control number (OCoLC)12580818
040 ## - CATALOGING SOURCE
Original cataloging agency DLC
Transcribing agency NKipM
Modifying agency FJ
-- NBrockU
-- Uk
-- DLC
Language of cataloging eng
041 ## - LANGUAGE CODE
Language code of text/sound track or separate title eng
043 ## - GEOGRAPHIC AREA CODE
Geographic area code e-uk-en
082 ## - DEWEY DECIMAL CLASSIFICATION NUMBER
Classification number 709.42
Edition number 23
Author mark and year BUE 1963
100 1# - MAIN ENTRY--PERSONAL NAME
Personal name Buxton, John.
9 (RLIN) 237100
245 10 - TITLE STATEMENT
Title Elizabethan taste /
Statement of responsibility, etc. by John Buxton.
260 ## - PUBLICATION, DISTRIBUTION, ETC. (IMPRINT)
Place of publication, distribution, etc. London :
Name of publisher, distributor, etc. Macmillan,
Date of publication, distribution, etc. 1963.
300 ## - PHYSICAL DESCRIPTION
Pagination xiv, 370 p. :
Illustrations ill. ports. ;
Size 23 cm.
504 ## - BIBLIOGRAPHY, ETC. NOTE
Bibliography, etc "Notes and references" ; p. 339-356.
650 #0 - SUBJECT ADDED ENTRY--TOPICAL TERM
Topical term or geographic name as entry element Art, English
Chronological subdivision 16th century.
9 (RLIN) 237101
Topical term or geographic name as entry element English literature
Chronological subdivision Early modern, 1500-1700
General subdivision History and criticism.
9 (RLIN) 237102
Topical term or geographic name as entry element Music
Geographic subdivision England
Chronological subdivision 16th century
General subdivision History and criticism.
9 (RLIN) 237103
906 ## - LOCAL DATA ELEMENT F, LDF (RLIN)
a 7
b cbc
c oclcrpl
d u
e ncip
f 19
g y-gencatlg
942 ## - ADDED ENTRY ELEMENTS (KOHA)
Source of classification or shelving scheme Dewey Decimal Classification
Koha item type Books
Holdings
Lost status Source of classification or shelving scheme Damaged status Not for loan Collection code Permanent Location Current Location Shelving location Date acquired Source of acquisition Cost, normal purchase price Total Checkouts Full call number Date last seen Copy number Koha item type
  Dewey Decimal Classification   Not For Loan Non-fiction Central Library, University of Rajshahi Central Library, University of Rajshahi Reading Room 15/10/1965 B.H. Blackwell 35.00   709.42 BUE 1963 29/12/2019 C-1 Books